00316 2200145 4500001002100000005001500021035002000036245003100056100001600087300001100103260002200114082000800136084001400144990001200158INLIS00000000000200820250527084127 a0010-05250003001 aPlanet Bumi /cJhon Fradon0 aJhon Fradon a40 hlm bPakar Raya,c2005 a550 a550 JHO p a0713208